000 00794cam5a220022900 4500
001 tmp15467355
003 UPRA
005 20190830110105.0
008 950822s1959 enk eng u
035 _a(Sirsi) r112422
035 _a(UPRA)tmp15467355
040 _cUPRA
100 1 _aFranks, Michael.
_6A73766.1
245 1 0 _aLimitation of actions.
260 _aLondon :
_bSweet & Maxwell,
_c1959.
500 _aIncludes tables of cases, statutes, and Rules of the Supreme Court.
504 _aBibliographical footnotes.
650 0 _aLimitation of actions -- Great Britain.
_zLimitation of actions -- Great Britain.
_6S54984.1
949 _aKD200
_wlcc
_i33729001472583
_mMAIN
_p2500
_tBOOK
_lON-SHELF
949 _aKD200
_wlcc
_i33729001481535
_mMAIN
_p2500
_tBOOK
_lON-SHELF
004 112422
999 _c187850
_d187850